М.И. Калинин, всесоюзный староста (Запись № 7680166)

Подробности
000 -МАРКЕР
контрольное поле 03505nam0a22004211 4500
001 - ИДЕНТИФИКАТОР ЗАПИСИ
контрольное поле rc\2969839
005 - ИДЕНТИФИКАТОР ВЕРСИИ
контрольное поле 20110907001622.6
035 ## - ДРУГИЕ СИСТЕМНЫЕ НОМЕРА
Идентификатор записи (NLR Aleph) 007215020
100 ## - ДАННЫЕ ОБЩЕЙ ОБРАБОТКИ
Данные общей обработки 20110907d1934 |||y0rusy50 ca
101 0# - ЯЗЫК РЕСУРСА
Язык текста, звукозаписи и т.д. русский
102 ## - СТРАНА ПУБЛИКАЦИИ ИЛИ ПРОИЗВОДСТВА
Страна публикации Российская Федерация
105 ## - ПОЛЕ КОДИРОВАННЫХ ДАННЫХ: ТЕКСТОВЫЕ МАТЕРИАЛЫ, МОНОГРАФИЧЕСКИЕ
Кодированные данные о монографическом текстовом документе abc z |||||
200 1# - ЗАГЛАВИЕ И СВЕДЕНИЯ ОБ ОТВЕТСТВЕННОСТИ
Основное заглавие М.И. Калинин, всесоюзный староста
Сведения, относящиеся к заглавию XV лет на посту председателя ВЦИК. 1919-1934
-- [Сборник статей]
Первые сведения об ответственности [Ред. А. Алымов, А. Мишель, Е. Пашуканис, Н. Челяпов]
Последующие сведения об ответственности Ин-т сов. строительства и права Ком. акад. ЦИК СССР
210 ## - ПУБЛИКАЦИЯ, РАСПРОСТРАНЕНИЕ И ДР.
Место издания, распространения и т.д. Москва
Имя издателя, распространителя и т. д. изд-во и тип. изд-ва "Власть советов"
Дата издания, распространения и т.д. 1934
215 ## - ФИЗИЧЕСКАЯ ХАРАКТЕРИСТИКА
Специфическое обозначение материала и объем Переплет, 323, [2] с., 13 вкл. л. ил., портр., карт.
Другие сведения о физической характеристике ил., портр., карт.
Размеры 23х16 см
320 ## - ПРИМЕЧАНИЯ О НАЛИЧИИ В ДОКУМЕНТЕ БИБЛИОГРАФИИ / УКАЗАТЕЛЯ
Текст примечания Библиогр: "Библиография книг, журн. и газ. и статей М.И. Калинина". В. Бюлль, К. Драгомирецкая, В. Кузятина и Л. Мареева (с. 273-324)
327 1# - ПРИМЕЧАНИЯ О СОДЕРЖАНИИ
Текст примечания Содерж: А. Киселев. М.И. Калинин, как гос. деятель.- А. Мишель. Питерский рабочий - тверской крестьянин.- П. Зайцев. Роль М.И. Калинина в организации и укреплении сов. государства.- С. Диманштейн. В борьбе за братский союз народов СССР.- Т. Ремезова и С. Ронин. Годы гражд. войны.- В. Аверьев. Борьба с голодом.-Х. Либман. М.И. Калинин и период оживления советов.- З. Островский. Среди крестьян и рабочих.- В. Мягкий. Приемная М.И. Калинина
464 #0 - АНАЛИТИЧЕСКИЙ УРОВЕНЬ
Встроенное поле 2001#$aМ.И. Калинин, как гос. деятель
-- 700#1$aКиселев$bА.$4070
464 #0 - АНАЛИТИЧЕСКИЙ УРОВЕНЬ
Встроенное поле 2001#$aПитерский рабочий - тверской крестьянин
-- 700#1$aМишель$bА.$4070
464 #0 - АНАЛИТИЧЕСКИЙ УРОВЕНЬ
Встроенное поле 2001#$aРоль М.И. Калинина в организации и укреплении сов. государства
-- 700#1$aЗайцев$bП.$4070
464 #0 - АНАЛИТИЧЕСКИЙ УРОВЕНЬ
Встроенное поле 2001#$aВ борьбе за братский союз народов СССР
-- 700#1$aДиминштейн$bС.$4070
464 #0 - АНАЛИТИЧЕСКИЙ УРОВЕНЬ
Встроенное поле 2001#$aГоды гражд. войны
-- 700#1$aРемезова$bТ.$4070
-- 701#1$aРонин$bС.$4070
464 #0 - АНАЛИТИЧЕСКИЙ УРОВЕНЬ
Встроенное поле 2001#$aБорьба с голодом
-- 700#1$aАверьев$bА.$4070
464 #0 - АНАЛИТИЧЕСКИЙ УРОВЕНЬ
Встроенное поле 2001#$aМ.И. Калинин и период оживления советов
-- 700#1$aЛибман$bХ.$4070
464 #0 - АНАЛИТИЧЕСКИЙ УРОВЕНЬ
Встроенное поле 2001#$aСреди крестьян и рабочих
-- 700#1$aОстровский$bЗ.$4070
464 #0 - АНАЛИТИЧЕСКИЙ УРОВЕНЬ
Встроенное поле 2001#$aПриемная М.И. Калинина
-- 700#1$aМягкий$bВ.$4070
600 #1 - ИМЯ ЛИЦА КАК ПРЕДМЕТ
Начальный элемент ввода Калинин
Часть имени, кроме начального элемента ввода М.И.
Даты 1875-1946
Расширение инициалов личного имени Михаил Иванович
Формальный подзаголовок Библиография
702 #1 - ИМЯ ЛИЦА - ВТОРИЧНАЯ ОТВЕТСТВЕННОСТЬ
Начальный элемент ввода Алымов
Часть имени, кроме начального элемента ввода А. А.
Расширение инициалов личного имени Александр Алексеевич
Код отношения Редактор
702 #1 - ИМЯ ЛИЦА - ВТОРИЧНАЯ ОТВЕТСТВЕННОСТЬ
Начальный элемент ввода Мишель
Часть имени, кроме начального элемента ввода А.
Код отношения Редактор
702 #1 - ИМЯ ЛИЦА - ВТОРИЧНАЯ ОТВЕТСТВЕННОСТЬ
Начальный элемент ввода Пашуканис
Часть имени, кроме начального элемента ввода Е.
Код отношения Редактор
702 #1 - ИМЯ ЛИЦА - ВТОРИЧНАЯ ОТВЕТСТВЕННОСТЬ
Начальный элемент ввода Челяпов
Часть имени, кроме начального элемента ввода Н.
Код отношения Редактор
712 02 - НАИМЕНОВАНИЕ ОРГАНИЗАЦИИ - ВТОРИЧНАЯ ОТВЕТСТВЕННОСТЬ
Начальный элемент ввода Институт права
Идентифицирующий признак Москва
Идентификатор авторитетной/нормативной записи RU\NLR\AUTH\889917145
Код отношения Прочие
801 #0 - ИСТОЧНИК ЗАПИСИ
Страна Российская Федерация
Организация NLR
Правила каталогизации psbo
801 #1 - ИСТОЧНИК ЗАПИСИ
Страна Российская Федерация
Организация ELAR
Источник данных rusmarc
852 ## - МЕСТОНАХОЖДЕНИЕ И ШИФР ХРАНЕНИЯ
Идентификатор организации NLR
Шифр хранения (Call Number) 34-4/2077
942 ## - ДОПОЛНИТЕЛЬНЫЕ ЭЛЕМЕНТЫ ЗАПИСИ (АБИС)
Тип экземпляра АБИС Книга
980 ## - КОЛЛЕКЦИЯ
Название коллекции Национальная библиография
Экземпляры
Тип экземпляра Дата поступления Библиотека постоянного хранения Библиотека текущего хранения Место хранения Шифр хранения Штрих-код Статус экземпляра
Книга 26.10.2013 РНБ (Садовая) РНБ (Садовая) Русский книжный фонд -Главное здание, Ленинский читальный зал 34-4/2077 7215020-10